| 000 | 00524nam a2200157Ia 4500 | ||
|---|---|---|---|
| 999 |
_c14308 _d14308 |
||
| 003 | OSt | ||
| 005 | 20260304160927.0 | ||
| 008 | 260210s9999 xx 000 0 und d | ||
| 020 | _a9781864703030 | ||
| 100 | _aImages | ||
| 245 | 0 | _aDougherty + Dougherty Architects LLP: Intersections: Architecture and Social Responsibility | |
| 250 | _aEditors at Images Publishing (Betsy Dougherty & Brian Dougherty featured) | ||
| 260 |
_bImages Publishing / ACC Group 124, illustrated. _c2008 |
||
| 300 | _a124pgs.; | ||
| 942 |
_cUG _2ddc |
||